Caracteres y tendenecias de la literatura alemana en el siglo XX
Salvato in:
| Autore principale: | |
|---|---|
| Natura: | Libro |
| Lingua: | Undetermined |
| Pubblicazione: |
Alemania
Nympherburger Verbagshandlung
1964
|
| Soggetti: | |
| Tags: |
Aggiungi Tag
Nessun Tag, puoi essere il primo ad aggiungerne!!
|
MARC
| LEADER | 00000nam a2200000Ia 4500 | ||
|---|---|---|---|
| 008 | 170316s9999 xx 000 0 und d | ||
| 040 | |a cru BVZT | ||
| 090 | |a 830 H-12c | ||
| 100 | |a Horst, Karl August | ||
| 245 | |a Caracteres y tendenecias de la literatura alemana en el siglo XX | ||
| 260 | |a Alemania | ||
| 260 | |b Nympherburger Verbagshandlung | ||
| 260 | |c 1964 | ||
| 300 | |a 159 páginas | ||
| 650 | |a LITERATURA ALEMANA | ||
| 999 | |c 7347 |d 7347 | ||
| 942 | |c 15 D |h 830 H-12c |2 z | ||
